'J' Blitz Quiz Stats

Quiz Updated Jul 10, 2012

Also try: 'K' Blitz
Challenge
Share
Tweet
Embed
Score 0/40 Timer 04:00
1 Play Today
Category Answer % Correct
MonthJanuary
99.7%
PlanetJupiter
96.3%
Class Year in High SchoolJunior
87.2%
Item of ClothingJeans
86.9%
Martial ArtJudo
86.6%
Michael Jackson SiblingJanet
86.3%
Asian CountryJapan
85.6%
US PresidentJefferson
84.7%
World ReligionJudaism
84.6%
Batman VillainJoker
84.5%
Friends Main CharacterJoey
83.7%
EmotionJoy
83.1%
3 Letter Body PartJaw
83%
Beatle (Full Name)John Winston Ono Lennon
80.5%
Star Wars: HuttJabba
76.6%
Disney PrincessJasmine
75.1%
Sporcle CategoryJust for Fun
71.8%
NFL TeamJaguars
70.8%
Geologic period Jurassic
69.6%
Rolling Stones MemberJagger
67%
Category Answer % Correct
North American CountryJamaica
66.9%
US Cabinet DepartmentJustice
66%
Unit Of EnergyJoule
64.6%
World Capital CityJuba
63.3%
GemstoneJasper
63.2%
Book of the Old TestamentJob
58.4%
Decathlon EventJavelin
56.4%
Wild DogJackal
56.4%
Woodstock PerformerJanis Joplin
56.4%
Indonesian IslandJava
52.3%
Ballroom DanceJive
47.4%
The Waltons' SiblingJohn-Boy
44.9%
Bird (Crow Family)Jackdaw
44.4%
Charlotte Brontë NovelJane Eyre
43.8%
D Day BeachJuno
39.3%
Disney Animated Classic (The ...)Jungle Book
38.9%
Day of the Week (French)Jeudi
36.2%
Italian Serie A Soccer TeamJuventus
33.1%
Three Tenors' Tenor (First name)José (Carreras)
30.5%
Shakespeare PlayJulius Caesar
25.1%

You're not logged in!

Compare scores with friends on all Sporcle quizzes.
Join for Free
OR
Log In

You Might Also Like...

Show Comments

Extras

Top Quizzes Today


Score Distribution

Your Account Isn't Verified!

In order to create a playlist on Sporcle, you need to verify the email address you used during registration. Go to your Sporcle Settings to finish the process.

Report this User

Report this user for behavior that violates our Community Guidelines.

Details: